Μετρική φωνολογία: συγκριτικη ανάλυση τονισμού Τουρκικής - Ελληνικής : πτυχιακή εργασία

Αποθηκεύτηκε σε:
Λεπτομέρειες βιβλιογραφικής εγγραφής
Κύριος συγγραφέας: Σαματά, Άννα
Άλλοι συγγραφείς: Ρεβυθιάδου, Ανθή (Εισηγητής διατριβής)
Μορφή: Thesis Βιβλίο
Γλώσσα:Greek
Δημοσίευση: Ρόδος : Πανεπιστήμιο Αιγαίου, Τμήμα Μεσογειακών Σπουδών, Κατεύθυνση Γλωσσολογίας, 2005.
Θέματα:
Ετικέτες: Προσθήκη ετικέτας
Δεν υπάρχουν, Καταχωρήστε ετικέτα πρώτοι!

MARC

LEADER 00000cam a2200000 i 4500
001 1/88165
008 051026s2005 gre d
035 |l 10081010 
040 |a GR-MY-UA  |b gre  |e aacr 
041 0 |a gre 
082 7 |a 444.6   |2 (22) 
100 1 |a Σαματά, Άννα. 
245 1 0 |a Μετρική φωνολογία: συγκριτικη ανάλυση τονισμού Τουρκικής - Ελληνικής :   |b πτυχιακή εργασία /   |c Σαματά Άννα ; Ανθή Ρεβυθιάδου (επιβλέπων).  
260 |a Ρόδος :   |b Πανεπιστήμιο Αιγαίου, Τμήμα Μεσογειακών Σπουδών, Κατεύθυνση Γλωσσολογίας,   |c 2005.  
300 |a 92 σ. :   |b πίν. ;   |c 30 εκ. 
502 |a Πτυχιακή εργασία - Πανεπιστήμιο Αιγαίου, Ρόδος, 2005. 
504 |a Περιέχει βιβλιογραφικές παραπομπές.  
610 2 0 |a University of the Aegean  |x Dissertations. 
650 0 0 |a Dissertations, Academic. 
650 0 0 |a Metrical phonology. 
650 0 0 |a Greek language  |x Phonetics. 
650 0 0 |a Turkish language  |x Grammar. 
650 0 0 |a Turkish language  |x Phonetics. 
700 0 |a Ρεβυθιάδου, Ανθή.  |4 ths 
852 |a INST  |b RHODES  |c DIATR  |e 20051026  |h 444.6 ΣΑΜ  |p 005400022014  |q 005400022014  |t DIE  |y 23 
852 |a INST  |b RHODES  |c DIATR  |e 20051026  |h 444.6 ΣΑΜ  |p 005400022015  |q 005400022015  |t DIE  |y 23 
901 |a BIBL4-2005-3 
909 |a Ρ  |b 122601 
909 |a Ρ  |b 122602 
924 |a ΣΑΜΑΤΑ  |b ΑΝΝΑ  |y Ρόδος  |z 2005-10 
970 |a ΣΙΔΕΡΗ  |b ΝΕΚΤΑΡΙΑ  |z 2005/10/26